Catálogo público

Fisiologia / (Record no. 163224)

MARC details
000 -CABECERA
campo de control de longitud fija 00904nam a2200313Ia 4500
001 - NÚMERO DE CONTROL
campo de control Z_250
003 - IDENTIFICADOR DEL NÚMERO DE CONTROL
campo de control CHAP
008 - DATOS DE LONGITUD FIJA--INFORMACIÓN GENERAL
campo de control de longitud fija 220113s9999 xx 000 0 und d
010 ## - NÚMERO DE CONTROL DE LA BIBLIOTECA DEL CONGRESO
Número de control de LC 163224
040 ## - FUENTE DE LA CATALOGACIÓN
Centro/agencia transcriptor CHAP
082 ## - NÚMERO DE LA CLASIFICACIÓN DECIMAL DEWEY
Número de clasificación 612 S36
100 ## - ENTRADA PRINCIPAL--NOMBRE DE PERSONA
Nombre de persona Schottelius, Byron A.
9 (RLIN) 137526
245 ## - MENCIÓN DE TÍTULO
Título Fisiologia /
Mención de responsabilidad, etc. Byron A. Schottelius y Dorothy D. Schottelius; traducción Roberto Folch Fabre
250 ## - MENCIÓN DE EDICIÓN
Mención de edición 2a ed. en español
260 ## - PUBLICACIÓN, DISTRIBUCIÓN, ETC.
Lugar de publicación, distribución, etc. D. F.; México :
Nombre del editor, distribuidor, etc. Interamericana,
Fecha de publicación, distribución, etc.
300 ## - DESCRIPCIÓN FÍSICA
Extensión viii, 536 p.
500 ## - NOTA GENERAL
Nota general Traducción de la obra en inglés: Textbook of physiology 17a ed.
503 ## - NOTA DE HISTORIA BIBLIOGRÁFICA (BK CF MU) [OBSOLETO]
Nota de historia bibliográfica ej.1: s/n
504 ## - NOTA DE BIBLIOGRAFÍA, ETC.
Nota de bibliografía, etc. Incluye bibliografía
650 ## - PUNTO DE ACCESO ADICIONAL DE MATERIA--TÉRMINO DE MATERIA
Término de materia o nombre geográfico como elemento de entrada Fisiología humana
9 (RLIN) 137527
700 ## - PUNTO DE ACCESO ADICIONAL--NOMBRE DE PERSONA
Nombre de persona Folch Faber, Roberto, tr.
9 (RLIN) 137528
700 ## - PUNTO DE ACCESO ADICIONAL--NOMBRE DE PERSONA
Nombre de persona Schottelius, Dotothy D., aut.
9 (RLIN) 137529
901 ## - ELEMENTOS DE DATOS A LOCAL LDA (RLIN)
a 612 S36
902 ## - ELEMENTOS DE DATOS B LOCAL, LDB (RLIN)
a M
910 ## - DATOS DE OPCIÓN DEL USUARIO (OCLC)
Datos de opción del usuario
942 ## - ELEMENTOS DE PUNTO DE ACCESO ADICIONAL (KOHA)
Tipo de ítem Koha Libro_
942 ## - ELEMENTOS DE PUNTO DE ACCESO ADICIONAL (KOHA)
Tipo de ítem Koha
Holdings
Estado de retiro Estado de pérdida Fuente del sistema de clasificación o colocación Estado dañado No para préstamo Código de colección Localización permanente Ubicación/localización actual Ubicación en estantería Fecha de adquisición Código de barras Fecha visto por última vez Número de copia Precio válido a partir de Tipo de ítem Koha
    Dewey Decimal Classification     General Zootecnia Zootecnia   22/08/2017 z_6943 18/01/2022 1 18/01/2022 Libro